| 000 | 01020nam a2200229 i 4500 | ||
|---|---|---|---|
| 001 | 190542 | ||
| 003 | ES-MaACL | ||
| 005 | 20240118102721.0 | ||
| 008 | 210820s2012 it a 000 0 eng d | ||
| 245 | 0 | 0 |
_aTrevisan International Art presenta Liberated Dreams : _bmostra internazionale d'arte : sale dell'imbarcadero Castello Estense, Ferrara-Italia, 21-29.04.12 / _ca cura di Paola Trevisan. |
| 246 | 3 |
_aLiberated Dreams : _bmostra internazionale d'arte |
|
| 260 |
_a[Roma : _bTrevisan International Art, _c2012] ( _eRovigo : _fCrearte) |
||
| 300 |
_a163 p. : _bprincipalmente il col. ; _c21 x 21 cm. |
||
| 546 | _aIntroducción en italiano e inglés; texto en inglés. | ||
| 650 | 4 |
_aArte- _yS.XXI- _vExposiciones. _9167167 |
|
| 655 | 7 |
_2tgfbne _9193628 _aCatálogos de exposiciones |
|
| 700 | 1 |
_aTrevisan, Paola. _9167163 |
|
| 710 | 2 |
_aTrevisan International Art. _9173376 |
|
| 852 | 4 |
_aES-MaACL _jA-14748 _9197720 _bR.151981 _cDEPO1 _dOlim: N-7748 _hDonacion: Editorial |
|
| 942 | _2udc | ||
| 999 |
_c190542 _d190542 |
||